| 000 | 00653nam a2200241Ia 4500 | ||
|---|---|---|---|
| 005 | 20260430150633.0 | ||
| 008 | 008 250103s9999 xx 000 0 eng d | ||
| 037 | _aTheses | ||
| 040 | _aCRL | ||
| 040 | _beng | ||
| 040 | _ceng | ||
| 041 | _2eng | ||
| 041 | _aeng | ||
| 084 | _qCRL | ||
| 100 |
_aYadav Joni Au.; Bharti Alok Chandra Gu. _91238066 |
||
| 245 | 0 | _aInvestigation of the Role of Head and Neck Cancer Exosomes in Tumor Microenvironment | |
| 260 | _c2024 | ||
| 300 | _a120p. | ||
| 650 | _aZoology | ||
| 700 |
_aUniversity of Delhi. Faculty of Science. Deptt. of Zoology _91237953 |
||
| 942 | _cTH | ||
| 999 |
_c1850268 _d1850268 |
||